[Event "Piacenza-ch"]
[Site "Piacenza"]
[Date "2025.03.23"]
[Round "1"]
[White "Felace, Luca"]
[Black "Mazzucchelli, Riccardo"]
[Result "1-0"]
[WhiteElo "1963"]
[BlackElo "1586"]
[PlyCount "41"]
[EventDate "2025.03.23"]
[EventType "swiss"]
[EventRounds "5"]
[EventCountry "ITA"]
[SourceTitle "CB15_2025"]
[SourceDate "2025.04.09"]
[SourceVersion "1"]
[SourceVersionDate "2025.04.09"]
[SourceQuality "1"]

1. d4 d5 2. c4 dxc4 3. e4 Nc6 4. Be3 e5 5. d5 Nb4 6. Bxc4 c6 7. Nc3 Nf6 8. a3 cxd5 9. Bb5+ Nc6 10. exd5 a6 11. Qa4 Nxd5 12. Bxc6+ bxc6 13. Qxc6+ Bd7 14. Qxd5 f6 15. Nge2 Bg4 16. f3 Bh5 17. Ng3 g6 18. Qc6+ Kf7 19. Rd1 Rc8 20. Qb7+ Qc7 21. Rd7+ 1-0